000 00457nam a2200193Ia 4500
008 101110s9999 xx 000 0 und d
041 _aMARATHI
082 _bSR16246
_a891.46301
100 _aDiwakar Krushna
245 _aSamadhi Ani Etar Goshti
365 _b10
520 _aMarathi
546 _aMARATHI
630 _aSamadhi Ani Etar Goshti
650 _aMarathi
655 _aMarathi
730 _aSamadhi Ani Etar Goshti
942 _cBOOK
999 _c810073
_d810070